01344nam a2200241 a 450000100100000000500170001000800410002704000250006808200210009324500660011426000490018030000200022950400730024960000410032270000350036391000410039895201340043995201340057395201340070795201190084195201250096099900170108500001895220260305073958.0100521s1986 dr 000 0 spa d aDO-SdBNPbspacBNPHU a923.57293bG633c00aCartas de Máximo Gómez /cpresentación Candido Gerón. aSanto Domingo :bBiblioteca Nacional,c1986. a77 p. ;c22 cm. aIncluye referencias bibliográficas y notas al pie de las páginas10aGómez, Máximo,d1836-19059122491 aGerón, Candido,d1948-93577 aValidado. Control de calidad MMOLINA 001054708DSaGRbGRcHDd2011-04-05iLF1l0o923.57293 G633cp18952-30r2020-06-25te. 3w2020-06-25yLFDSZPréstamo en sala 001054708DSaGRbGRcHDd2011-04-18iLF1l0o923.57293 G633cp18952-40r2020-06-25te. 4w2020-06-25yLFDSZPréstamo en sala 001054708DSaGRbGRcHDd2011-04-18iLF1l0o923.57293 G633cp18952-50r2020-06-25te. 5w2020-06-25yLFDSZPréstamo en sala 0010718PDaPDbPDcHDd2010-07-07iLF1l0o923.57293 G633cp18952-10r2020-06-25w2020-06-25yLFPDZNo se presta 0010718PDaPDbPDcHDd2011-02-25iLF1l0o923.57293 G633cp18952-20r2020-06-25te. 2w2020-06-25yLFPDZNo se presta c18470d18470